000 00295nam a22001337a 4500
008 190225b xxu||||| |||| 00| 0 eng d
020 _a0805461280
041 _aeng
080 _a316
100 _a50
101 _aSOC
245 _aChristian Ethics: A Primer
_cTillman, W.M
942 _2udc
_cBK
999 _c54191
_d54191